000 00486nam a22001817a 4500
003 DO-SdBNP
005 20220531084022.0
007 ta
008 210916e2019 dr ||||er|||| 001 1 spa d
020 _a9789945505016
040 _aDO-SdBNP
_bspa
_cBNPHU
082 4 _222
_bS321s
100 1 _938566
_aScheker O., Luis,
_d1907-
245 1 0 _aServilletas de otoño /
_bLuis Scheker, Ortíz
260 _a[Santo Domingo] :
_bCentenario,
_c2019
300 _a125 p.;
_c22 cm
942 _2ddc
_cLBS1
999 _c50547
_d50547